L'ecriture et la psycholgie des peuples 22e. semaine de synthés /
Guardado en:
| Autor Principal: | |
|---|---|
| Autor Corporativo: | |
| Formato: | Libro |
| Idioma: | French |
| Publicado: |
Paris :
A.Colin,
1963.
|
| Etiquetas: |
Agregar Etiqueta
Sin Etiquetas, Sea el primero en etiquetar este registro!
|
| LEADER | 00593nam a22001815a 4500 | ||
|---|---|---|---|
| 001 | EUN.um002913 | ||
| 003 | AR-BaUNS | ||
| 005 | 20050623122850.0 | ||
| 008 | 041125s1963####fr#a##########000#0#fre#d | ||
| 245 | 1 | 0 | |a L'ecriture et la psycholgie des peuples 22e. semaine de synthés / |c Centre international de synthese. Marcel Cohen. |
| 260 | |a Paris : |b A.Colin, |c 1963. | ||
| 300 | |a 380 p. : |b ilus. ; |c 23 cm. | ||
| 100 | 1 | |a Cohen, Marcel. | |
| 082 | 0 | 4 | |a 411 |
| 082 | 0 | 4 | |a 572.7 |
| 082 | 0 | 4 | |a 136.4 |
| 110 | 2 | |a Centre international de synthese |c Paris. | |
| 859 | |a Ar-BaUNS |b BIB. CENTRAL - Sector C |h 411 |i C333 |p 46243/968 | ||
